| 000 | 00988cam a2200313 a 4500 | ||
|---|---|---|---|
| 999 |
_c8373 _d8373 |
||
| 001 | 8373 | ||
| 003 | BD-JhCC | ||
| 005 | 20180621124324.0 | ||
| 008 | 910925r19921991nyuab j 000 0aeng | ||
| 020 |
_a0060208570 : _c$14.00 ($18.75 CDN) |
||
| 020 | _a0060208589 (lib. bdg.) | ||
| 035 | _a(BD-JhCC)8373 | ||
| 040 |
_aDLC _cDLC _dDLC _dBD-JhCC |
||
| 041 | _aeng | ||
| 050 | 0 | 0 |
_aPS3576.I518 _bZ47 1992 |
| 082 | 0 | 0 |
_a812/.54 _aB _220 _bZIN 1992 |
| 100 | 1 | _aZindel, Paul. | |
| 245 | 1 | 4 |
_aThe pigman / _cPaul Zindel. |
| 250 | _a1st American ed. | ||
| 260 |
_aNew York : _bHarperCollins, _c1992. |
||
| 300 |
_a182 p. : _bill., map ; _c22 cm. |
||
| 600 | 1 | 0 |
_aZindel, Paul _xChildhood and youth |
| 600 | 1 | 1 |
_aZindel, Paul _xChildhood and youth. |
| 650 | 0 |
_aAuthors, American _y20th century _vBiography _vJuvenile literature. |
|
| 650 | 1 | _aAuthors, American. | |
| 651 | 0 |
_aStaten Island (New York, N.Y.) _xSocial life and customs _vJuvenile literature. |
|
| 942 |
_2ddc _cBK |
||